Spájkovanie rezných materiálov na držiaky rezných nástrojov : Diplomová práca

Enregistré dans:
Détails bibliographiques
Auteur principal: Kadiš, Pavol (Auteur)
Autres auteurs: Ryban, Dušan (xxx)
Format: Manuscrit Livre
Langue:slovaque
Publié: Trnava : SVŠT v Bratislave StF KZZaPM, 1987
Sujets:
Tags: Ajouter un tag
Pas de tags, Soyez le premier à ajouter un tag!

MARC

LEADER 00000ntm a22000003a 4500
001 stu91757
005 20160719162632.1
008 041124s1987----cs------------------slo-d
040 |a STU  |b slo 
041 0 |a slo 
044 |a cs 
100 1 |a Kadiš, Pavol  |4 aut 
245 1 |a Spájkovanie rezných materiálov na držiaky rezných nástrojov :  |b Diplomová práca 
260 |a Trnava :  |b SVŠT v Bratislave StF KZZaPM,  |c 1987 
300 |a 64 s  |c príl 
650 7 |a strojárska technológia  |2 stusub 
650 7 |a spájkovanie  |2 stusub 
650 7 |a rezné materiály  |2 stusub 
700 1 |a Ryban, Dušan  |4 xxx  |u M140  |T MTF Katedra zvárania  |U M140  |Y M140 
996 |b 284M042415  |c M*DP-2553  |l MMSKP  |s P  |a 0  |w stu91757_0001